000 00209 a2200097 4500
001 47164
100 _aMarley D
245 _aThe Dailp Telegraph
260 _aLondon
_bOdhams Press
_c
090 _c30220
_d30220
942 _aNUST-CAE
_cM
_c22471
999 _c282237
_d282237